[Event "Goiania zt"]
[Site "Goiania"]
[Date "2017.08.18"]
[Round "1"]
[White "Okada, William Kenji"]
[Black "De Oliveira, Enzo Resende"]
[Result "1-0"]
[WhiteElo "1819"]
[BlackElo "1271"]
[PlyCount "67"]
[EventDate "2017.08.18"]
[EventType "swiss"]
[EventRounds "6"]
[EventCountry "BRA"]
[SourceTitle "CBM 180 Extra"]
[Source "ChessBase"]
[SourceDate "2017.10.06"]
[SourceVersion "1"]
[SourceVersionDate "2017.10.06"]
[SourceQuality "1"]

1. d4 d5 2. c4 c6 3. Nc3 e6 4. Nf3 Bd6 5. e3 Ne7 6. Bd3 Nd7 7. 0-0 0-0 8. e4 b6 9. e5 Bc7 10. Bxh7+ Kh8 11. Bd3 Kg8 12. Ng5 g6 13. cxd5 cxd5 14. Nf3 Nf5 15. Bg5 Qe8 16. Bxf5 exf5 17. Nxd5 Bd8 18. Bh6 Bb7 19. Nf4 Bc7 20. Re1 Be4 21. Qb3 a5 22. a4 Bd8 23. Nxg6 Kh7 24. Nxf8+ Kxh6 25. Nxd7 Qxd7 26. Qe3+ Kg7 27. Nd2 Bd5 28. Rac1 Kg6 29. Qg3+ Bg5 30. h4 Rg8 31. hxg5 Kh5 32. Nf3 Bxf3 33. Qxf3+ Kxg5 34. Qg3+ 1-0

[Event "BRA-chB U20"]
[Site "Goiania"]
[Date "2015.10.12"]
[Round "7"]
[White "Okada, William Kenji"]
[Black "Zandonai Ignacio, Antonio Carlos"]
[Result "1-0"]
[WhiteElo "1835"]
[BlackElo "1787"]
[PlyCount "89"]
[EventDate "2015.10.09"]
[EventType "swiss"]
[EventRounds "7"]
[EventCountry "BRA"]
[SourceTitle "CBM 168 Extra"]
[Source "ChessBase"]
[SourceDate "2015.10.29"]
[SourceVersion "1"]
[SourceVersionDate "2015.10.29"]
[SourceQuality "1"]

1. d4 Nf6 2. c4 g6 3. g3 Bg7 4. Bg2 d6 5. Nf3 0-0 6. 0-0 Nc6 7. b3 a6 8. Bb2 Rb8 9. d5 Na5 10. Nd4 Bd7 11. Nd2 c5 12. dxc6 Nxc6 13. Rc1 Nxd4 14. Bxd4 Bc6 15. e4 Qd7 16. Qc2 Rfd8 17. Rfd1 Qe8 18. Nf1 h5 19. Ne3 h4 20. Nd5 Bxd5 21. exd5 Bh6 22. Rb1 hxg3 23. hxg3 Nh5 24. Bb6 Rdc8 25. Bh3 Kg7 26. Bxc8 Qxc8 27. Re1 Bg5 28. Qc3+ Kh7 29. Qf3 Kg8 30. Be3 Bf6 31. Rbc1 Qh3 32. c5 Kg7 33. c6 bxc6 34. dxc6 Rh8 35. c7 Be5 36. Qg2 Qc8 37. Bg5 f6 38. Bd2 Kf7 39. Bc3 Bf4 40. gxf4 Nxf4 41. Qf3 Nh3+ 42. Kf1 Ng5 43. Rxe7+ Kg8 44. Rg7+ Kxg7 45. Qxf6+ 1-0

[Event "BRA-chB U20"]
[Site "Goiania"]
[Date "2015.10.09"]
[Round "2"]
[White "Carneiro, Vitor Roberto Castr"]
[Black "Okada, William Kenji"]
[Result "1-0"]
[WhiteElo "2381"]
[BlackElo "1835"]
[PlyCount "69"]
[EventDate "2015.10.09"]
[EventType "swiss"]
[EventRounds "7"]
[EventCountry "BRA"]
[SourceTitle "CBM 168 Extra"]
[Source "ChessBase"]
[SourceDate "2015.10.29"]
[SourceVersion "1"]
[SourceVersionDate "2015.10.29"]
[SourceQuality "1"]

1. Nf3 d5 2. c4 c6 3. e3 Nf6 4. b3 e6 5. Bb2 Bd6 6. Qc2 Nbd7 7. Nc3 b6 8. g4 Bb7 9. Rg1 dxc4 10. bxc4 c5 11. Be2 Ne5 12. Nxe5 Bxe5 13. g5 Nd7 14. f4 Bc7 15. 0-0-0 a6 16. Ne4 e5 17. Bf3 Rb8 18. h4 b5 19. h5 Qe7 20. Rdf1 bxc4 21. h6 g6 22. f5 c3 23. Nxc3 Bxf3 24. Rxf3 0-0 25. Nd5 Qd6 26. e4 c4 27. fxg6 fxg6 28. Rxf8+ Nxf8 29. Qxc4 Ne6 30. Rg3 Bd8 31. Nf6+ Bxf6 32. gxf6 Qb6 33. Rb3 Qg1+ 34. Kc2 Re8 35. Rb7 1-0

[Event "Goiania-ch U20"]
[Site "Goiania"]
[Date "2013.05.19"]
[Round "4"]
[White "Okada, Dyogo Koithi"]
[Black "Okada, William Kenji"]
[Result "1-0"]
[WhiteElo "1918"]
[BlackElo "2009"]
[PlyCount "49"]
[EventDate "2013.05.18"]
[EventType "swiss"]
[EventRounds "5"]
[EventCountry "BRA"]
[SourceTitle "EXT 2015"]
[Source "ChessBase"]
[SourceDate "2014.11.20"]
[SourceVersion "1"]
[SourceVersionDate "2014.11.20"]
[SourceQuality "1"]

1. e4 c5 2. Nf3 d6 3. d4 cxd4 4. Nxd4 Nf6 5. Nc3 a6 6. Bg5 e6 7. Qd2 Be7 8. f3 Nc6 9. g4 Bd7 10. h4 b5 11. h5 h6 12. Be3 Ne5 13. g5 b4 14. Nd1 hxg5 15. Bxg5 Qb6 16. Be2 Rc8 17. Nf2 Nc4 18. Bxc4 Rxc4 19. 0-0-0 a5 20. h6 g6 21. Ng4 Nh7 22. Bxe7 Kxe7 23. e5 dxe5 24. Nf5+ gxf5 25. Qxd7+ 1-0

[Event "Goiania-ch U20"]
[Site "Goiania"]
[Date "2013.05.18"]
[Round "3"]
[White "Okada, William Kenji"]
[Black "Garcia, Gabriel Gonzaga"]
[Result "0-1"]
[WhiteElo "2009"]
[BlackElo "2004"]
[PlyCount "76"]
[EventDate "2013.05.18"]
[EventType "swiss"]
[EventRounds "5"]
[EventCountry "BRA"]
[SourceTitle "EXT 2015"]
[Source "ChessBase"]
[SourceDate "2014.11.20"]
[SourceVersion "1"]
[SourceVersionDate "2014.11.20"]
[SourceQuality "1"]

1. d4 Nf6 2. c4 g6 3. Nc3 Bg7 4. g3 d6 5. Bg2 Nbd7 6. Nf3 0-0 7. 0-0 e5 8. e4 c6 9. Be3 Re8 10. Re1 exd4 11. Nxd4 Nc5 12. Bf4 Ne6 13. Nxe6 Bxe6 14. Bxd6 Bxc4 15. e5 Nd7 16. Qd4 Be6 17. Rad1 Qb6 18. f4 Rad8 19. Ne4 Bxa2 20. Qxb6 Nxb6 21. Ra1 Bd5 22. Rxa7 Nc4 23. Bc7 Rd7 24. b3 Bxe4 25. Bxe4 Nd2 26. Rd1 Rxc7 27. Rxd2 f6 28. exf6 Bxf6 29. Bc2 Bc3 30. Rd3 Bb4 31. Ra4 Bc5+ 32. Kf1 Rce7 33. Rc4 Re1+ 34. Kg2 R8e2+ 35. Kf3 Bb6 36. Rd7 h5 37. g4 Rf2+ 38. Kg3 Rg1+ 0-1

[Event "Goiania op"]
[Site "Goiania"]
[Date "2013.03.10"]
[Round "5"]
[White "Okada, William Kenji"]
[Black "De Paula, Guilherme Bueno"]
[Result "1/2-1/2"]
[WhiteElo "1824"]
[BlackElo "2021"]
[PlyCount "51"]
[EventDate "2013.03.08"]
[EventType "swiss"]
[EventRounds "6"]
[EventCountry "BRA"]
[SourceTitle "EXT 2015"]
[Source "ChessBase"]
[SourceDate "2014.11.20"]
[SourceVersion "1"]
[SourceVersionDate "2014.11.20"]
[SourceQuality "1"]

1. d4 Nf6 2. c4 c5 3. d5 b5 4. cxb5 a6 5. bxa6 Bxa6 6. Nc3 g6 7. g3 Bg7 8. Bg2 d6 9. Nf3 0-0 10. 0-0 Nbd7 11. h3 Nb6 12. Re1 Qb8 13. e4 Nfd7 14. Bf1 Nc4 15. Qc2 Qb4 16. a3 Qa5 17. Rb1 Rfb8 18. Bd2 Nxd2 19. Nxd2 Bxf1 20. Kxf1 Bxc3 21. Qxc3 Qxc3 22. bxc3 Rxa3 23. Rxb8+ Nxb8 24. Rb1 Na6 25. Rb3 Rxb3 26. Nxb3 1/2-1/2

[Event "Goias zt"]
[Site "Itaborai"]
[Date "2012.04.22"]
[Round "6"]
[White "Okada, William Kenji"]
[Black "De Arruda, Filho Ivo Pereira"]
[Result "1-0"]
[WhiteElo "1788"]
[BlackElo "1923"]
[PlyCount "121"]
[EventDate "2012.04.20"]
[EventType "swiss"]
[EventRounds "6"]
[EventCountry "BRA"]
[SourceTitle "CBM 148 Extra"]
[Source "ChessBase"]
[SourceDate "2012.06.22"]
[SourceVersion "1"]
[SourceVersionDate "2012.06.22"]
[SourceQuality "1"]

1. d4 Nf6 2. c4 d6 3. g3 g6 4. Bg2 Bg7 5. Nf3 0-0 6. Nc3 Re8 7. 0-0 Nc6 8. Bf4 Nh5 9. Bg5 h6 10. Bc1 e5 11. e3 Bg4 12. h3 Bxf3 13. Bxf3 exd4 14. exd4 Nf6 15. Be3 Qd7 16. Bg2 Re7 17. Qd3 Rb8 18. Rad1 a6 19. Ne2 Ne4 20. Nf4 Nd8 21. Nd5 Re8 22. Qc2 Ng5 23. h4 Nh7 24. Qd2 h5 25. Bh6 c6 26. Nb6 Qc7 27. c5 Bxh6 28. Qxh6 d5 29. Rfe1 Ne6 30. Bh3 Nhf8 31. Re5 Ng7 32. Rde1 Rxe5 33. Rxe5 Re8 34. Rxe8 Nxe8 35. Qg5 Kg7 36. b4 Nf6 37. Nc8 N8h7 38. Qe3 Ne4 39. Nd6 Nhf6 40. Qf4 Qe7 41. Nc8 Qe8 42. f3 Nc3 43. Qd2 Nb5 44. a4 Na3 45. Nd6 Qe7 46. Qd3 Qe1+ 47. Kh2 Qf2+ 48. Bg2 Nc2 49. Qf1 Qxd4 50. Nxb7 Nxb4 51. Qe2 Nd3 52. Qe7 Ne5 53. Nd8 Qd2 54. Qxe5 Qd3 55. Qe7 Qf5 56. Qxf7+ Kh6 57. Qf8+ Kh7 58. Qe7+ Kh8 59. Ne6 Ng4+ 60. fxg4 Qe5 61. Qe8+ 1-0

[Event "Goias zt"]
[Site "Itaborai"]
[Date "2012.04.22"]
[Round "5"]
[White "Okada, William Kenji"]
[Black "Silva, Vitor De Souza Mart"]
[Result "1-0"]
[WhiteElo "1788"]
[BlackElo "1953"]
[PlyCount "119"]
[EventDate "2012.04.20"]
[EventType "swiss"]
[EventRounds "6"]
[EventCountry "BRA"]
[SourceTitle "CBM 148 Extra"]
[Source "ChessBase"]
[SourceDate "2012.06.22"]
[SourceVersion "1"]
[SourceVersionDate "2012.06.22"]
[SourceQuality "1"]

1. d4 d5 2. c4 e6 3. Nf3 f5 4. Nc3 c6 5. e3 Bd6 6. Qc2 Nf6 7. Be2 0-0 8. 0-0 Ne4 9. cxd5 exd5 10. Qb3 Kh8 11. Nd2 Rf6 12. f4 Rh6 13. Nf3 Qe7 14. Bd3 Be6 15. Qc2 Nd7 16. Bd2 Ndf6 17. Bxe4 fxe4 18. Ne5 Bf5 19. Ne2 Rg8 20. Ng3 g6 21. Qd1 a6 22. a3 Ne8 23. Qe1 Be6 24. Ne2 Nf6 25. Qg3 Rh5 26. h3 Qg7 27. b4 Bf5 28. Kf2 Be7 29. Ke1 Ne8 30. Kd1 Be6 31. Qh2 Rf5 32. g4 Rff8 33. Ng3 Bh4 34. Ne2 Qc7 35. Nc3 Nd6 36. Na4 b6 37. Rc1 Nc4 38. Ke2 Bf6 39. Nxc4 dxc4 40. Nc3 Bd5 41. g5 Bxg5 42. Qg2 Bh6 43. Qg4 Rf5 44. h4 Rgf8 45. Rg1 Qg7 46. Na4 Bxf4 47. exf4 Qxd4 48. Bc3 Qxc3 49. Nxc3 Rxf4 50. Qg3 Be6 51. Qg5 Rf2+ 52. Ke1 R8f5 53. Qd8+ Kg7 54. Qd4+ Kh6 55. Qxf2 Rxf2 56. Kxf2 c5 57. bxc5 bxc5 58. Nxe4 Bd5 59. Nxc5 a5 60. a4 1-0

[Event "BRA-ch Amateur"]
[Site "Goiania"]
[Date "2012.02.20"]
[Round "5"]
[White "De Almeida, Guilherme Pereira"]
[Black "Okada, William Kenji"]
[Result "0-1"]
[WhiteElo "1876"]
[BlackElo "1740"]
[PlyCount "146"]
[EventDate "2012.02.18"]
[EventType "swiss"]
[EventRounds "7"]
[EventCountry "BRA"]
[SourceTitle "CBM 147 Extra"]
[Source "ChessBase"]
[SourceDate "2012.04.24"]
[SourceVersion "1"]
[SourceVersionDate "2012.04.24"]
[SourceQuality "1"]

1. Nf3 d5 2. g3 Nf6 3. Bg2 e6 4. 0-0 Bd6 5. d3 0-0 6. Nbd2 Nbd7 7. e4 c6 8. Re1 Be7 9. e5 Ne8 10. Nf1 c5 11. h4 Qc7 12. Bf4 b6 13. Qe2 Bb7 14. h5 h6 15. Ne3 Rd8 16. Ng4 Kh7 17. Nfh2 Rh8 18. Nf1 Qc8 19. Qf3 Rf8 20. c3 Nc7 21. Qe2 Rde8 22. Nd2 Bd8 23. d4 f5 24. exf6 Bxf6 25. Qd3+ Kh8 26. Qg6 cxd4 27. cxd4 Bxd4 28. Bd6 Rf5 29. Rxe6 Rxe6 30. Qxf5 Rxd6 31. Qf4 Bc5 32. b4 Ne6 33. Qf5 Bxb4 34. Nf3 Nec5 35. Nh4 Nf8 36. Qf7 Rd7 37. Qf5 Re7 38. Qxf8+ Qxf8 39. Ng6+ Kg8 40. Nxf8 Kxf8 41. Ne3 Bc3 42. Rd1 d4 43. Bxb7 Nxb7 44. Nf5 Re1+ 45. Rxe1 Bxe1 46. Nxd4 Bc3 47. Nb5 Bb4 48. Nxa7 Nd6 49. Kg2 Bc5 50. Nc6 Ne4 51. f3 Nc3 52. a3 Bxa3 53. Nd4 Kf7 54. g4 Bc5 55. Nb3 Nd5 56. Kh3 Bd6 57. Kg2 Bf4 58. Kf2 Be3+ 59. Ke2 Ke6 60. Kd3 Ke5 61. Kc4 Nc7 62. Kd3 Kf4 63. Ke2 Ne6 64. Na1 Nd4+ 65. Kd3 Kxf3 66. Kc4 Kxg4 67. Kd5 Kf4 68. Kd6 Ke4 69. Ke7 Bd2 70. Kf7 Bc3 71. Kxg7 Bxa1 72. Kxh6 Nf5+ 73. Kh7 b5 0-1

[Event "BRA-ch Amateur"]
[Site "Goiania"]
[Date "2012.02.19"]
[Round "4"]
[White "Okada, William Kenji"]
[Black "De Melo, Raissa Vieira"]
[Result "1-0"]
[WhiteElo "1740"]
[BlackElo "1459"]
[PlyCount "47"]
[EventDate "2012.02.18"]
[EventType "swiss"]
[EventRounds "7"]
[EventCountry "BRA"]
[SourceTitle "CBM 147 Extra"]
[Source "ChessBase"]
[SourceDate "2012.04.24"]
[SourceVersion "1"]
[SourceVersionDate "2012.04.24"]
[SourceQuality "1"]

1. d4 d5 2. c4 dxc4 3. e3 Nf6 4. Bxc4 e6 5. Nf3 c5 6. 0-0 Nc6 7. Nc3 a6 8. a4 cxd4 9. exd4 Be7 10. Bf4 0-0 11. Re1 Nb4 12. Qb3 Nfd5 13. Bg3 Nxc3 14. bxc3 Nd5 15. Bxd5 exd5 16. Rad1 Re8 17. c4 dxc4 18. Qxc4 Bd7 19. Ne5 Rf8 20. d5 Bf5 21. Qb3 Bc8 22. Nc4 Re8 23. Nb6 Ra7 24. Bb8 1-0

[Event "BRA-ch Amateur"]
[Site "Goiania"]
[Date "2012.02.18"]
[Round "1"]
[White "De Paula, Rafael Figueiredo"]
[Black "Okada, William Kenji"]
[Result "1-0"]
[WhiteElo "2047"]
[BlackElo "1740"]
[PlyCount "59"]
[EventDate "2012.02.18"]
[EventType "swiss"]
[EventRounds "7"]
[EventCountry "BRA"]
[SourceTitle "CBM 147 Extra"]
[Source "ChessBase"]
[SourceDate "2012.04.24"]
[SourceVersion "1"]
[SourceVersionDate "2012.04.24"]
[SourceQuality "1"]

1. e4 c5 2. Nf3 d6 3. d4 cxd4 4. Nxd4 Nf6 5. Nc3 a6 6. Bg5 e6 7. f4 Be7 8. Qf3 Qc7 9. 0-0-0 Bd7 10. e5 dxe5 11. fxe5 Nd5 12. Bxe7 Nxe7 13. Bd3 Nbc6 14. Nxc6 Nxc6 15. Bb5 Nxe5 16. Bxd7+ Nxd7 17. Ne4 0-0 18. Nd6 Nc5 19. Rhf1 Rad8 20. Qf4 Rd7 21. Rd4 Re7 22. Qg3 Qb6 23. Rfd1 Qa5 24. Kb1 Qb6 25. h4 f6 26. h5 e5 27. Nf5 Rc7 28. Rd7 Ne6 29. Ne7+ Kf7 30. Nc8+ 1-0